| 000 | 00618nam a2200229Ia 4500 | ||
|---|---|---|---|
| 003 | OSt | ||
| 005 | 20221005121436.0 | ||
| 006 | a|||||r|||| 00| 0 | ||
| 007 | ta | ||
| 008 | 221004b |||||||| |||| 00| 0 eng d | ||
| 024 | _a66530 | ||
| 037 | _cTextual | ||
| 040 |
_aCRL _cCRL _beng |
||
| 041 |
_2eng _aeng |
||
| 082 | _aV51:5:C, J3 | ||
| 100 | _aMurray Gilbert | ||
| 245 | 0 |
_aHellenism and the modern world. _b Six talks on the Radio-diffusion Francaise and the B. B. C. |
|
| 260 | _c1953 | ||
| 650 | _aHISTORY | ||
| 942 |
_hV51:5:C, J3 _cTEXL _2cc |
||
| 999 |
_c1041163 _d1041163 |
||